Statistiques concernant Les aventuriers de Koh-Lanta L'Île des héros

Cliquez ici pour prendre le quiz!

Statistiques générales

  • Ce quiz a été pris 457 fois
    (317 depuis la dernière actualisation)
  • Le résultat moyen est 17 sur 22

Statistiques - réponses

Prénom du candidatTribuNombre de victoiresDépart% Correct
ClaudeHéros6Éliminé aux poteaux
97%
JessicaHéros2Éliminée à l'épreuve des Héros
93%
JessicaHéros2Éliminée une seconde fois
93%
MoussaHéros0Éliminé à l'orientation
93%
InèsLawaki0Finaliste
91%
NaoilLawaki5Gagnante
89%
SaraHéros/Abandon médical
88%
AhmadNacomo0Éliminé
87%
TeheiuraHéros3Éliminé
85%
TeheiuraHéros3Binôme d'une éliminée (seconde fois)
85%
SamLawaki1Éliminé
84%
AlexandraLawaki0Abandon médical à l'orientation
82%
CharlotteNacomo1Éliminée
81%
RégisLawaki1Éliminé
76%
DelphineNacomo/Éliminée par les ambassadeurs
71%
ÉricNacomo0Épreuve éliminatoire
70%
PholienNacomo0Éliminé
68%
JosephNacomo/Éliminé
60%
MarieNacomo/Abandon médical
56%
BenoîtLawaki/Éliminé
50%
ClaudiaNacomo/Abandon médical
48%
ValérieLawaki/Éliminée
44%

Distribution des résultats

Percentile par nombre de réponses

% des personnes avec chaque résultat

Votre développement - résultats

Vous n’avez pas pris ce quiz depuis la dernière actualisation